000 00562nam a2200217Ia 4500
001 1936
005 20240113233521.0
007 ta
008 050218s2002 a g b000 u eng u
040 _aRef.Stack
041 _aeng
082 _a520.03
_bRo 553 As
100 _aRobinson, J .
245 0 _aAstronomy Encyclopaedia /
_cJ.Robinson.
_hTextual Documents
260 _aGreat Britain :
_bMitchell ,
_cc2002.
300 _a449p. :
_bill ;
_c29cm. .
653 _aEncyclopaedia - Astronomy
942 _2ddc
_cBK
999 _c1929
_d1929